History Quiz

Random History or Clickable Quiz
Score 0/20 Timer 04:00
1 Play Today
% Correct
16th April 1912
91.3%
5th November 2008
90%
25th October 1929
88.5%
12th September 2001
87.2%
23rd November 1963
85%
21st July 1969
84.5%
31st August 1997
83.7%
10th November 1989
78.3%
8th May 1945
77.2%
28th December 2004
76%
% Correct
7th May 1937
75.5%
9th December 1980
75%
9th August 1974
74.6%
2nd May 1945
72.4%
5th April 1968
71.3%
11th February 1990
70.6%
17th August 1977
66.4%
25th December 1968
58.8%
4th May 1979
56.4%
18th April 1955
55.9%
Remove Ads.
Support Sporcle.
Get the best of Sporcle when you Go Orange. This ad-free experience offers more features, more stats, and more fun while also helping to support Sporcle. Thank you for becoming a member.

You're not logged in!

Compare scores with friends on all Sporcle quizzes.
OR
Log In

Sporcle TV

Today on Sporcle TV


Watch our educational content, quiz creation guides, and fun videos on Sporcle TV.

Show Comments

Extras

Top Quizzes Today


Score Distribution

Paid Content

Your Account Isn't Verified!

In order to create a playlist on Sporcle, you need to verify the email address you used during registration. Go to your Sporcle Settings to finish the process.

Report this User

Report this user for behavior that violates our Community Guidelines.

Details: